000 00896nam a22001815i 4500
001 159268
003 ES-MaACL
005 20230906211523.0
008 020412s1868 sp |||| | spa d
040 _aCAM
_bspa
_cCAM
100 1 _aMedina y Sologuren, Ricardo de.
_9129787
245 1 0 _aMas vale un por si acaso...
_b: proverbio en un acto y en verso /
_coriginal de Ricardo de Medina y Sologuren.
260 _aMadrid :
_b[s.n.],
_c1868 (
_fImprenta de José Rodríguez)
300 _a39 p. ;
_c19 cm.
500 _aEn port.: Estrenado en el teatro del Príncipe el 19 de febrero de 1868.
596 _aAl v. de port. consta : "... Galerías Dramáticas y Líricas de los Sres. Gullon é Hidalgo..."
852 _aES-MaACL
_jF-8617(10)
_z-- Enc. pasta española
_q-- Falto de la cub. original
_z-- Enc. en un vol. facticio formando parte de la col. facticia "Teatro español moderno", vol. 72
999 _c159268
_d159268